000 00877nam a2200241 i 4500
001 181888
003 ES-MaACL
005 20250728141729.0
008 130506s2011 sp a | |||||||| | spa d
020 _a978-84-615-2974-2
080 _a929 Celaya, Gabriel
080 _a821.134.2-14"19"(082.2)
245 0 3 _aLa poesía es un arma cargada de Celaya :
_bcentenario de Gabriel Celaya : 1911-2011 /
_c[Marcos Ana ... et al.].
260 _aSevilla :
_bAtrapasueños,
_cD.L. 2011.
300 _a102 p. :
_bil., 1 retr. ;
_c21 cm.
600 1 4 _aCelaya, Gabriel,
_d1911-1991
_937346
650 4 _aPoesías españolas-
_yS.XX.
_916221
700 1 _aAna, Marcos,
_d1920-2016
_921357
700 1 _aCelaya, Gabriel,
_d1911-1991
_937346
852 _aES-MaACL
_jA-12597
_9188796
_bR.148597
_cDEPO1
_dOlim: N-5600
942 _2udc
_cMONOGRAFIA
999 _c181888
_d181888